| 000 | 00426nam a22001457a 4500 | ||
|---|---|---|---|
| 003 | macl | ||
| 005 | 20170827111911.0 | ||
| 008 | 170827b xxu||||| |||| 00| 0 eng d | ||
| 040 | _cmacl | ||
| 100 |
_aडी. नवीन _968852 |
||
| 245 | _aकालरेखा | ||
| 260 |
_aदिल्ली _bसाहित्य अकादेमी _c2015 |
||
| 650 |
_aउपन्यास _968853 |
||
| 942 |
_2ddc _cHIN |
||
| 999 |
_c56916 _d56916 |
||